Historia del reinado de Don Alfonso XIII / (Record n. 9124)

Dettagli MARC
000 -LEADER
fixed length control field 00679nam a2200205 i 4500
003 - CONTROL NUMBER IDENTIFIER
control field IT-RoINE
005 - DATE AND TIME OF LATEST TRANSACTION
control field 20150506070203.0
008 - FIXED-LENGTH DATA ELEMENTS--GENERAL INFORMATION
fixed length control field 900725s1934 sp r 0 spa d
040 ## - CATALOGING SOURCE
Original cataloging agency SpMaBN
Transcribing agency IT-RoINE
Modifying agency IT-RoINE
100 1# - MAIN ENTRY--PERSONAL NAME
Personal name Fernández Almagro, Melchor,
Dates associated with a name 1893-1966
9 (RLIN) 1867
245 10 - TITLE STATEMENT
Title Historia del reinado de Don Alfonso XIII /
Statement of responsibility, etc por Don Melchor Fernández Almagro.
250 ## - EDITION STATEMENT
Edition statement 2ª ed. ilustrada.
260 ## - PUBLICATION, DISTRIBUTION, ETC. (IMPRINT)
Place of publication, distribution, etc Barcelona :
Name of publisher, distributor, etc Montaner y Simon,
Date of publication, distribution, etc 1934.
300 ## - PHYSICAL DESCRIPTION
Extent 611 p. :
Other physical details il. ;
Dimensions 23 cm.
336 ## - CONTENT TYPE
Source rdacontent
Content type term text
337 ## - MEDIA TYPE
Source rdamedia
Media type term unmediated
338 ## - CARRIER TYPE
Source rdacarrier
Carrier type term volume
651 #4 - SUBJECT ADDED ENTRY--GEOGRAPHIC NAME
Geographic name España
General subdivision Historia
Chronological subdivision 1902-1931 (Alfonso XIII)
9 (RLIN) 6312
942 ## - ADDED ENTRY ELEMENTS (KOHA)
Item type Monografías
Dati di copia
Withdrawn status Lost status Damaged status Not for loan Home library Current library Date acquired Total Checkouts Full call number Barcode Date last seen Price effective from Koha item type
        Iglesia Nacional Española en Roma Iglesia Nacional Española en Roma 06/05/2015   HIS.ESP.4. 931 13001 06/05/2015 06/05/2015 Monografías